[Event "Yuzhny op"]
[Site "Yuzhny"]
[Date "2011.09.08"]
[Round "9"]
[White "Andreev, Volodymyr"]
[Black "Majboroda, Evgenija"]
[Result "1-0"]
[WhiteElo "1946"]
[BlackElo "2176"]
[PlyCount "67"]
[EventDate "2011.09.03"]
[EventType "swiss"]
[EventRounds "9"]
[EventCountry "UKR"]
[SourceTitle "CBM 144 Extra"]
[Source "ChessBase"]
[SourceDate "2011.10.28"]
[SourceVersion "1"]
[SourceVersionDate "2011.10.28"]
[SourceQuality "1"]

1. e4 Nf6 2. e5 Nd5 3. c4 Nb6 4. d4 d6 5. f4 g6 6. Nc3 Bg7 7. Be3 Be6 8. d5 Bf5 9. g4 Bc8 10. exd6 exd6 11. h3 0-0 12. Qd2 Re8 13. 0-0-0 N8d7 14. Bd4 Nf6 15. b3 Bd7 16. Bd3 c5 17. Bf2 Nc8 18. Nge2 a6 19. Ng3 Qa5 20. Nb1 Qxd2+ 21. Nxd2 h6 22. g5 Nh7 23. h4 hxg5 24. fxg5 b5 25. Rde1 Nb6 26. Nde4 Be5 27. h5 gxh5 28. Rxh5 Nf8 29. Reh1 bxc4 30. bxc4 Ng6 31. Nf6+ Bxf6 32. gxf6 Re5 33. Rh7 Bg4 34. Rg7+ 1-0

[Event "Yuzhny op"]
[Site "Yuzhny"]
[Date "2011.09.06"]
[Round "6"]
[White "Majboroda, Evgenija"]
[Black "Avetisian, Tigran"]
[Result "1/2-1/2"]
[WhiteElo "2176"]
[BlackElo "2016"]
[PlyCount "94"]
[EventDate "2011.09.03"]
[EventType "swiss"]
[EventRounds "9"]
[EventCountry "UKR"]
[SourceTitle "CBM 144 Extra"]
[Source "ChessBase"]
[SourceDate "2011.10.28"]
[SourceVersion "1"]
[SourceVersionDate "2011.10.28"]
[SourceQuality "1"]

1. d4 Nf6 2. c4 g6 3. Nc3 Bg7 4. e4 d6 5. Nge2 0-0 6. Ng3 a6 7. Be2 c5 8. d5 b5 9. cxb5 axb5 10. Bxb5 Ba6 11. Bxa6 Nxa6 12. 0-0 Qb6 13. Re1 Nd7 14. Re2 Rfb8 15. Nf1 Nc7 16. Bg5 h6 17. Bh4 g5 18. Bg3 Nb5 19. Rc2 Nd4 20. Rd2 Qa6 21. Rc1 Rb4 22. Ne3 Rab8 23. b3 Nb5 24. Nxb5 R4xb5 25. h4 Nf6 26. f3 Nh5 27. Bf2 Ra5 28. Rcc2 Bf6 29. Nf5 Kh7 30. hxg5 Bxg5 31. Be3 Bxe3+ 32. Nxe3 Ng3 33. Qe1 Rg8 34. Ng4 h5 35. Qxg3 hxg4 36. Qh4+ Kg7 37. Qxg4+ Kf8 38. Qh4 Qa7 39. Qf2 Rb5 40. Rc4 Rh8 41. g4 Rxb3 42. axb3 Qa1+ 43. Kg2 Qh1+ 44. Kg3 f6 45. Qg2 Qh4+ 46. Kf4 Qg5+ 47. Kg3 Qh4+ 1/2-1/2

[Event "Yuzhny op"]
[Site "Yuzhny"]
[Date "2011.09.04"]
[Round "2"]
[White "Nosenko, Alexander"]
[Black "Majboroda, Evgenija"]
[Result "1-0"]
[WhiteElo "2521"]
[BlackElo "2176"]
[PlyCount "51"]
[EventDate "2011.09.03"]
[EventType "swiss"]
[EventRounds "9"]
[EventCountry "UKR"]
[SourceTitle "CBM 144 Extra"]
[Source "ChessBase"]
[SourceDate "2011.10.28"]
[SourceVersion "1"]
[SourceVersionDate "2011.10.28"]
[SourceQuality "1"]

1. d4 Nf6 2. Nf3 g6 3. Bf4 Bg7 4. e3 d6 5. h3 0-0 6. Be2 b6 7. 0-0 Bb7 8. a4 a6 9. Nbd2 c5 10. c3 Nbd7 11. Qb1 e5 12. dxe5 dxe5 13. Bh2 Qc7 14. Rd1 Rfe8 15. Nc4 Nd5 16. e4 Nf4 17. Bxf4 exf4 18. Nd6 Re7 19. Bc4 Ne5 20. Nxe5 Bxe5 21. Nxb7 Qxb7 22. Bd5 Qa7 23. Bxa8 Qxa8 24. Qd3 a5 25. Qd8+ Qxd8 26. Rxd8+ 1-0

[Event "Kiev Independence Cup-A 8th"]
[Site "Kiev"]
[Date "2008.08.21"]
[Round "9"]
[White "Majboroda, Evgenija"]
[Black "Nogin, Nikolai"]
[Result "1-0"]
[WhiteElo "2004"]
[BlackElo "2305"]
[PlyCount "91"]
[EventDate "2008.08.13"]
[EventType "swiss"]
[EventRounds "11"]
[EventCountry "UKR"]
[SourceTitle "CBM 126 Extra"]
[Source "ChessBase"]
[SourceDate "2008.11.05"]
[SourceVersion "1"]
[SourceVersionDate "2008.11.05"]
[SourceQuality "1"]

1. d4 Nf6 2. c4 e6 3. Nc3 Bb4 4. e3 c5 5. Nge2 0-0 6. a3 Bxc3+ 7. Nxc3 cxd4 8. exd4 d5 9. c5 a5 10. Bf4 b6 11. Be2 bxc5 12. dxc5 Nc6 13. Bd6 Re8 14. Nb5 Ne4 15. Nc7 Nxd6 16. cxd6 Rb8 17. Nxe8 Qxe8 18. Qd2 Qd8 19. 0-0 Qxd6 20. Rfd1 h6 21. Rac1 Bd7 22. f4 f5 23. Bf3 Kh8 24. g3 Qc7 25. Qf2 Qb6 26. Qxb6 Rxb6 27. Rd2 g5 28. Kf2 Kg7 29. Rc5 Kf6 30. Bd1 Ke7 31. Ba4 Kd6 32. Bxc6 Bxc6 33. Rxa5 gxf4 34. gxf4 Rb3 35. Ra6 Kd7 36. Rc2 Bb7 37. Ra4 Bc6 38. Rb4 Rh3 39. Kg2 Re3 40. Kg1 Re4 41. Rxe4 fxe4 42. Rd2 e5 43. fxe5 Ke6 44. Kf2 Kxe5 45. Ke3 Bb5 46. b3 1-0

[Event "Kiev Independence Cup-A 8th"]
[Site "Kiev"]
[Date "2008.08.13"]
[Round "11"]
[White "Majboroda, Evgenija"]
[Black "Kabachenko, Marina"]
[Result "0-1"]
[WhiteElo "2004"]
[BlackElo "1920"]
[PlyCount "66"]
[EventDate "2008.08.13"]
[EventType "swiss"]
[EventRounds "11"]
[EventCountry "UKR"]
[SourceTitle "CBM 126 Extra"]
[Source "ChessBase"]
[SourceDate "2008.11.05"]
[SourceVersion "1"]
[SourceVersionDate "2008.11.05"]
[SourceQuality "1"]

1. d4 d5 2. Nf3 Nf6 3. c4 c6 4. e3 e6 5. Nbd2 Be7 6. b3 0-0 7. Bd3 dxc4 8. bxc4 c5 9. Bb2 Nc6 10. Qe2 b6 11. 0-0 Bb7 12. Rfd1 Qc7 13. Rac1 Nb4 14. Bb1 Rad8 15. a3 Nc6 16. h3 Rfe8 17. Nb3 Nd7 18. Qc2 g6 19. d5 exd5 20. cxd5 Nce5 21. Nxe5 Nxe5 22. f4 Nd7 23. Qf2 Nf6 24. e4 Nh5 25. g3 Bf6 26. e5 Bxd5 27. Rxd5 Rxd5 28. exf6 Red8 29. Be4 Rd1+ 30. Rxd1 Rxd1+ 31. Kh2 c4 32. Qc2 Rd7 33. Nc1 Nxf4 0-1

[Event "UKR-chT 15th"]
[Site "Alushta"]
[Date "2008.05.28"]
[Round "9.3"]
[White "Majboroda, Evgenija"]
[Black "Strygin, Alexandr"]
[Result "1/2-1/2"]
[WhiteElo "2029"]
[BlackElo "1814"]
[PlyCount "43"]
[EventDate "2008.05.21"]
[EventType "team-tourn"]
[EventRounds "9"]
[EventCountry "UKR"]
[SourceTitle "EXT 2019"]
[Source "ChessBase"]
[SourceDate "2018.10.10"]
[SourceVersion "1"]
[SourceVersionDate "2018.10.10"]
[SourceQuality "1"]
[WhiteTeam "Simferopol Crimea"]
[BlackTeam "Simferopol Burevisnyk"]
[WhiteTeamCountry "UKR"]
[BlackTeamCountry "UKR"]

1. d4 d5 2. Nf3 Nf6 3. c4 e6 4. Bg5 Be7 5. Nc3 0-0 6. e3 a6 7. cxd5 exd5 8. Be2 c6 9. 0-0 Nbd7 10. Qc2 Ne4 11. Bxe7 Qxe7 12. Bd3 Ndf6 13. Rab1 g6 14. Ne2 Bg4 15. Ne5 Bf5 16. b4 Nd6 17. a4 Bxd3 18. Qxd3 Nfe4 19. Ng3 f6 20. Nf3 Rae8 21. Rfc1 f5 22. Ne5 1/2-1/2

[Event "UKR-chT 15th"]
[Site "Alushta"]
[Date "2008.05.27"]
[Round "8.3"]
[White "Ivanov, Vladimir A1111"]
[Black "Majboroda, Evgenija"]
[Result "1-0"]
[WhiteElo "2142"]
[BlackElo "2029"]
[PlyCount "117"]
[EventDate "2008.05.21"]
[EventType "team-tourn"]
[EventRounds "9"]
[EventCountry "UKR"]
[SourceTitle "EXT 2019"]
[Source "ChessBase"]
[SourceDate "2018.10.10"]
[SourceVersion "1"]
[SourceVersionDate "2018.10.10"]
[SourceQuality "1"]
[WhiteTeam "Khmelnytskyi Podolia"]
[BlackTeam "Simferopol Crimea"]
[WhiteTeamCountry "UKR"]
[BlackTeamCountry "UKR"]

1. e4 Nf6 2. e5 Nd5 3. Nc3 Nxc3 4. bxc3 d6 5. exd6 cxd6 6. d4 g6 7. Be3 Bg7 8. Qd2 Qa5 9. Nf3 Nd7 10. Be2 Nf6 11. c4 Qxd2+ 12. Nxd2 Bd7 13. Rb1 Rb8 14. h3 0-0 15. 0-0 Rfc8 16. Rb4 b6 17. Rfb1 e5 18. c3 Bf5 19. R1b2 Re8 20. a4 Rbc8 21. Ra2 Bf8 22. d5 Rc7 23. a5 bxa5 24. Rxa5 Ra8 25. Rba4 Kg7 26. Bxa7 Bd7 27. Ra2 Be8 28. g3 Nd7 29. f4 f6 30. Ne4 Bf7 31. Kf2 h6 32. Ra6 f5 33. Nd2 Kg8 34. Be3 Rxa6 35. Rxa6 Rb7 36. Ra8 exf4 37. Bxf4 Rb8 38. Ra7 Nc5 39. Be3 Rc8 40. Bxc5 Rxc5 41. Nb3 Rc8 42. Nd4 Kg7 43. Rd7 Kf6 44. Ra7 Rb8 45. Ra6 Rc8 46. Ke3 Re8+ 47. Kd3 Kg7 48. Ra7 Kf6 49. Nb5 Rd8 50. Ra6 Ke5 51. Nd4 Rc8 52. Bf3 Rc5 53. Ra8 Be7 54. Ra7 Kf6 55. Nc6 Bf8 56. Nb8 Rc8 57. Nd7+ Kg7 58. Nxf8 Kxf8 59. Rd7 1-0

[Event "UKR Universiad B4 8th"]
[Site "Evpatoria"]
[Date "2007.06.09"]
[Round "5"]
[White "Majboroda, Evgenija"]
[Black "Meleshko, Nadia"]
[Result "1-0"]
[WhiteElo "1962"]
[BlackElo "1997"]
[PlyCount "97"]
[EventDate "2007.06.07"]
[EventType "swiss"]
[EventRounds "7"]
[EventCountry "UKR"]
[SourceTitle "EXT 2008"]
[Source "ChessBase"]
[SourceDate "2007.11.25"]
[SourceVersion "1"]
[SourceVersionDate "2007.11.25"]
[SourceQuality "1"]

1. Nf3 d5 2. g3 Nf6 3. Bg2 Bf5 4. c4 e6 5. Qb3 Qc8 6. Nc3 c6 7. d3 Nbd7 8. cxd5 Nc5 9. Qd1 cxd5 10. 0-0 Be7 11. Be3 0-0 12. Rc1 Qd8 13. h3 h6 14. Nd4 Bg6 15. f4 Bh7 16. Qd2 Rc8 17. Bf2 Qa5 18. Rc2 Qd8 19. Rfc1 Qd7 20. b4 Na6 21. a3 Nb8 22. e4 Nc6 23. e5 Ne8 24. Re1 Nxd4 25. Bxd4 Nc7 26. Bf1 Nb5 27. Nxb5 Qxb5 28. Rec1 Rxc2 29. Rxc2 a5 30. Bc5 Bxc5+ 31. Rxc5 Qb6 32. d4 axb4 33. Qxb4 Qxb4 34. axb4 Ra8 35. Rc7 Rb8 36. Kf2 Bb1 37. g4 b6 38. Rc6 Kf8 39. Bb5 Be4 40. Rd6 Bb1 41. f5 exf5 42. Rxd5 Rc8 43. Rd6 Rc2+ 44. Ke3 Rc3+ 45. Kd2 Rc2+ 46. Kd1 Kg8 47. gxf5 Rb2 48. e6 fxe6 49. fxe6 1-0

[Event "UKR Universiad B4 8th"]
[Site "Evpatoria"]
[Date "2007.06.07"]
[Round "2"]
[White "Majboroda, Evgenija"]
[Black "Maiko, Alina"]
[Result "1/2-1/2"]
[WhiteElo "1962"]
[BlackElo "2075"]
[PlyCount "85"]
[EventDate "2007.06.07"]
[EventType "swiss"]
[EventRounds "7"]
[EventCountry "UKR"]
[SourceTitle "EXT 2008"]
[Source "ChessBase"]
[SourceDate "2007.11.25"]
[SourceVersion "1"]
[SourceVersionDate "2007.11.25"]
[SourceQuality "1"]

1. d4 d5 2. c4 c6 3. Nf3 Nf6 4. e3 a6 5. Qc2 b5 6. c5 g6 7. Bd3 Bg7 8. h3 0-0 9. 0-0 a5 10. Nbd2 Qc7 11. e4 dxe4 12. Nxe4 Nd5 13. a3 Nf4 14. Re1 Nxd3 15. Qxd3 Be6 16. Bg5 Re8 17. Bh4 h6 18. Bg3 Qb7 19. Rad1 Nd7 20. Qe3 Rad8 21. Ne5 Nxe5 22. Bxe5 Bxe5 23. dxe5 Kg7 24. b4 axb4 25. axb4 Ra8 26. Nc3 Ra3 27. Qd4 Rea8 28. Ne2 Rb3 29. Rb1 Rxb1 30. Rxb1 Ra2 31. Nf4 Qc8 32. Rd1 Ra4 33. Qc3 Ra8 34. h4 Kh7 35. Rd4 Kg7 36. Qd2 Ra1+ 37. Kh2 Ra8 38. Qe2 Ra2 39. Qd3 Ra8 40. Qg3 Kh7 41. Qf3 Kg7 42. Qe3 Bf5 43. Qd2 1/2-1/2

[Event "UKR Games (Women) 3rd"]
[Site "Evpatoria"]
[Date "2007.05.25"]
[Round "7"]
[White "Majboroda, Evgenija"]
[Black "Kalinina, Larisa"]
[Result "1-0"]
[WhiteElo "1962"]
[BlackElo "2170"]
[PlyCount "105"]
[EventDate "2007.05.21"]
[EventType "team"]
[EventRounds "7"]
[EventCountry "UKR"]
[SourceTitle "CBM 118 Extra"]
[Source "ChessBase"]
[SourceDate "2007.07.04"]
[SourceVersion "1"]
[SourceVersionDate "2007.07.04"]
[SourceQuality "1"]

1. d4 d5 2. Nf3 Nf6 3. c4 dxc4 4. e3 e6 5. Bxc4 c5 6. 0-0 a6 7. dxc5 Bxc5 8. Qxd8+ Kxd8 9. Rd1+ Ke7 10. b3 b6 11. Bb2 Nbd7 12. Nbd2 Bb7 13. Be2 Rhc8 14. Rac1 Ne8 15. Nc4 f6 16. Nd4 e5 17. Nf5+ Kd8 18. b4 b5 19. bxc5 bxc4 20. Bxc4 Rxc5 21. Ba3 Rc6 22. Bb4 a5 23. Be7+ Kc7 24. Bb5 Rc8 25. Bxc6 Bxc6 26. Ba3 Ra8 27. Ne7 Nb8 28. Nd5+ Kb7 29. Rb1+ Ka6 30. Rb6+ Ka7 31. Bc5 Bxd5 32. Rxd5 Na6 33. Re6+ Kb7 34. Rd7+ Nec7 35. Ree7 Kc6 36. Ba3 Rb8 37. Rd6+ Kb5 38. g3 Ka4 39. Rd3 Nb5 40. Bc1 Nb4 41. Rdd7 Nxa2 42. Bd2 Rc8 43. Rxg7 Nac3 44. Bxc3 Rxc3 45. Rb7 Rc5 46. Rxh7 Kb3 47. Rh6 f5 48. Rhb6 Kb4 49. h4 a4 50. Ra6 Rc7 51. Rb8 f4 52. exf4 exf4 53. g4 1-0

[Event "UKR-ch sf (Women)"]
[Site "Evpatoria"]
[Date "2007.05.07"]
[Round "8"]
[White "Ivanenko, Olga A"]
[Black "Majboroda, Evgenija"]
[Result "1/2-1/2"]
[WhiteElo "2130"]
[BlackElo "1962"]
[PlyCount "94"]
[EventDate "2007.04.30"]
[EventType "swiss"]
[EventRounds "9"]
[EventCountry "UKR"]
[SourceTitle "EXT 2008"]
[Source "ChessBase"]
[SourceDate "2007.11.25"]
[SourceVersion "1"]
[SourceVersionDate "2007.11.25"]
[SourceQuality "1"]

1. d4 f5 2. g3 Nf6 3. Bg2 g6 4. c4 Bg7 5. Nc3 d6 6. Bg5 Nbd7 7. Nf3 c6 8. 0-0 0-0 9. Re1 h6 10. Bc1 Qe8 11. d5 cxd5 12. cxd5 Nc5 13. Nd4 Bd7 14. Nb3 Nce4 15. Nxe4 fxe4 16. f3 Qc8 17. Be3 Qc4 18. fxe4 Ng4 19. Bd4 Ne5 20. Qc1 Qb5 21. Qd1 Qa4 22. h3 Rac8 23. Bc3 Qa6 24. Kh1 b5 25. a3 Rc7 26. Nd2 Rfc8 27. Qb3 Qb6 28. Nf1 Rc4 29. Rad1 b4 30. axb4 a5 31. Nd2 R4c7 32. b5 Bxb5 33. Ra1 a4 34. Qb4 Qa6 35. Bf1 Qb7 36. Qa3 Bf6 37. Qb4 Bg7 38. Qa3 Qb6 39. Qb4 Qb7 40. Rab1 Qa6 41. Ra1 Qb7 42. Rab1 Qa6 43. Ra1 Qb7 44. Rab1 Qa6 45. Ra1 Qb7 46. Rab1 Qa6 47. Ra1 Qb7 1/2-1/2

[Event "UKR-ch sf (Women)"]
[Site "Evpatoria"]
[Date "2006.04.05"]
[Round "8"]
[White "Majboroda, Evgenija"]
[Black "Finkelshtein, Evgenia"]
[Result "1/2-1/2"]
[WhiteElo "1958"]
[BlackElo "2230"]
[PlyCount "35"]
[EventDate "2006.03.29"]
[EventType "swiss"]
[EventRounds "9"]
[EventCountry "UKR"]
[SourceTitle "EXT 2023"]
[Source "ChessBase"]
[SourceDate "2022.10.05"]
[SourceVersion "1"]
[SourceVersionDate "2022.10.05"]
[SourceQuality "1"]

1. e4 c5 2. Nf3 Nc6 3. d4 cxd4 4. Nxd4 g6 5. c4 Bg7 6. Be3 Nf6 7. Nc3 0-0 8. Be2 d6 9. 0-0 Bd7 10. Qd2 Nxd4 11. Bxd4 Bc6 12. f3 a5 13. Rac1 Nd7 14. Be3 Nc5 15. Nd5 Bxd5 16. exd5 Qb6 17. b3 Rfc8 18. Kh1 1/2-1/2

[Event "UKR-ch (Women)"]
[Site "Alushta"]
[Date "2004.05.12"]
[Round "9"]
[White "Babiy, Olga"]
[Black "Majboroda, Evgenija"]
[Result "1-0"]
[WhiteElo "1983"]
[BlackElo "2030"]
[PlyCount "63"]
[EventDate "2004.05.04"]
[EventType "swiss"]
[EventRounds "9"]
[EventCountry "UKR"]
[SourceTitle "CBM 100 Extra"]
[Source "ChessBase"]
[SourceDate "2004.07.06"]
[SourceVersion "2"]
[SourceVersionDate "2004.07.06"]
[SourceQuality "1"]

1. e4 c5 2. Nf3 e6 3. d4 cxd4 4. Nxd4 Nc6 5. Be3 a6 6. Nxc6 bxc6 7. Bd3 d5 8. 0-0 Nf6 9. Nd2 e5 10. h3 Bd6 11. exd5 cxd5 12. c4 0-0 13. Bg5 Bb7 14. Qe2 h6 15. Bh4 e4 16. Bc2 g5 17. Bg3 Re8 18. cxd5 Bxd5 19. Nb3 Qb6 20. Bxd6 Qxd6 21. Nd4 Qe5 22. Rfd1 h5 23. Ba4 Rec8 24. Qe3 g4 25. Rac1 Kh7 26. Bc6 Bxc6 27. Nxc6 Qxb2 28. Qg5 Rg8 29. Qf5+ Rg6 30. Ne5 Rag8 31. Rc7 R8g7 32. Rxf7 1-0

[Event "UKR-ch (Women)"]
[Site "Alushta"]
[Date "2004.05.05"]
[Round "2"]
[White "Chulivska, Vita"]
[Black "Majboroda, Evgenija"]
[Result "1-0"]
[WhiteElo "2210"]
[BlackElo "2030"]
[PlyCount "65"]
[EventDate "2004.05.04"]
[EventType "swiss"]
[EventRounds "9"]
[EventCountry "UKR"]
[SourceTitle "CBM 100 Extra"]
[Source "ChessBase"]
[SourceDate "2004.07.06"]
[SourceVersion "2"]
[SourceVersionDate "2004.07.06"]
[SourceQuality "1"]

1. e4 c5 2. b4 b6 3. Bc4 e6 4. bxc5 bxc5 5. Nc3 Nc6 6. Nf3 Be7 7. 0-0 Na5 8. Bb5 Nf6 9. e5 Nd5 10. Ne4 0-0 11. Ba3 a6 12. Be2 Nb7 13. Re1 Qa5 14. Qc1 Nf4 15. Bf1 Ng6 16. c3 Qc7 17. d4 Rd8 18. Rb1 d5 19. exd6 Bxd6 20. Nxd6 Rxd6 21. dxc5 Nxc5 22. Qe3 Nd7 23. Bxd6 Qxd6 24. Red1 Qc7 25. Ng5 Rb8 26. Rxb8 Nxb8 27. Bd3 Nc6 28. Bxg6 hxg6 29. Qh3 Bb7 30. Qh7+ Kf8 31. Qh8+ Ke7 32. Qxg7 Qf4 33. Nxf7 1-0